=LDR 00000nam 2200000 4500 =001 INLIS000000000037879 =005 20130612143603 =008 ***********************************Ind** =035 ##$$0010-061300000037879 =041 ##$$a Ind =082 ##$$a 641.71 =090 ##$$a 641.71, Faw p =100 ##$$a Fawwaz, Ummi =245 ##$$a Pepes-pepes, menggoda nafsu makan, Ummi Fawwz =260 ##$$a 2010 $b Yogyakarta =300 ##$$a 66 hlm, ilus, 22 cm =650 ##$$a Maksakan-membakar =850 ##$$a NBPNMAT =990 ##$$a 0001/BPAP-NTB/2016